Peer Gynt /

Bibliographic Details
Main Author: Ibsen, Henrik, 1828-1906
Other Authors: Fjelde, Rolf
Format: Book
Language:English
Published: Minneapolis : University of Minnesota Press, [1980]
Edition:2nd ed.
Series:Nordic series ; v. 2.

MARC

Tag First Indicator Second Indicator Subfields
LEADER 00000pam a2200000 a 4500
001 in00000098077
005 20150924085537.0
008 800122s1980 mnu b 00010 engm
010 |a  80010315  
020 |a 0816609128 :  |c $15.00 
020 |a 0816609152 (pbk.) :  |c $3.95 
035 |a (OCoLC)05992513 
035 |9 AAK9442AM 
040 |a DLC  |c DLC  |d m.c.  |d TXA  |d UtOrBLW 
041 1 |a eng  |h nor 
049 |a TXAM  |c [952486] 
050 0 0 |a PT8876  |b  A3293 1980 
082 0 |a 839.8/226 
100 1 |a Ibsen, Henrik,  |d 1828-1906. 
240 1 0 |a Peer Gynt.  |l English 
245 1 0 |a Peer Gynt /  |c Henrik Ibsen ; translated and introduced by Rolf Fjelde. 
250 |a 2nd ed. 
264 1 |a Minneapolis :  |b University of Minnesota Press,  |c [1980] 
264 4 |c ©1980 
300 |a xxviii, 297 pages ;  |c 21 cm. 
336 |a text  |b txt  |2 rdacontent 
337 |a unmediated  |b n  |2 rdamedia 
338 |a volume  |b nc  |2 rdacarrier 
490 1 |a The Nordic series ;  |v v. 2 
504 |a Bibliography: pages 293-295. 
700 1 |a Fjelde, Rolf. 
830 0 |a Nordic series ;  |v v. 2. 
999 |a MARS 
999 f f |s d4224b85-3bda-3d15-8177-dfacb35144e2  |i 23fc60d8-a41c-3458-8e91-26092fbdb6c9  |t 0 
952 f f |p normal  |a Texas A&M University  |b College Station  |c Sterling C. Evans Library  |d Evans: Library Stacks  |t 0  |e PT8876 A3293 1980  |h Library of Congress classification  |i unmediated -- volume  |m A14806025275 
998 f f |a PT8876 A3293 1980  |t 0  |l Evans: Library Stacks